000 00658nam a22002177a 4500
005 20240530110928.0
008 220214s2007 ua g 000 p ara d
017 _bمصر. دار الكتب
_a2007/7540
020 _a9773513610
040 _aEG-CaGPL
_cEG-CaGPL
082 0 4 _221
_a811.09\
_bم أ
100 0 _aميسون صقر
245 1 0 _aارملة قاطع طريق :
_bشعر /
_cميسون صقر
250 _aط. 1
260 _aالقاهرة :
_bدار ميريت،
_c2007
300 _a189 ص. ؛
_c20 سم.
650 0 7 _2qrmak
_aالشعر العربى
651 _2qrmak
942 _2ddc
_cBK
999 _c66611
_d66611